La filosofía en oriente

Furkejuvvon:
Bibliográfalaš dieđut
Váldodahkki: Masson-Oursel, Paul (autor)
Materiálatiipa: Girji
Giella:espánnjágiella
Almmustuhtton: Buenos Aires Sudamericana 1947
Fáttát:
Fáddágilkorat: Lasit fáddágilkoriid
Eai fáddágilkorat, Lasit vuosttaš fáddágilkora!

MARC

LEADER 00000nam a2200000 a 4500
001 UCZ6298
003 CL-VaPUC
008 951207e19470000AG |||||||||||||||||spa|d
082 0 4 |a 181  |b MAS  |2 21 
100 |a Masson-Oursel, Paul  |e autor  |9 350546 
245 1 3 |a La filosofía en oriente 
300 |a 179 p 
942 |c BK 
945 |d 19951207 00:00:00  |a aalvarez 
260 |a Buenos Aires  |b Sudamericana  |c 1947 
650 0 |a Filosofía oriental  |9 319113 
583 |a last modification  |c 19951207 00:00:00  |k Rodrigo Vera 
999 |c 242517  |d 242515